00339 2200133 4500001002100000005001500021035002000036245007600056100002600132300001200158260001500170082000800185990001200193INLIS00000000000221120250527014135 a0010-05250005031 aWassiat Rosulullah Menuju Rumah Tangga Sakinah /cAbdul Fathi nAbdullah0 aAbdul Fathi nAbdullah a216 hlm bIBS,c2004 a813 a0712699